| 000 | 00000nam##2200000za#4500 |
| 001 | 9.569902 |
| 003 | CaOODSP |
| 005 | 20210624182004 |
| 007 | cr ||||||||||| |
| 008 | 150406|1998||||xxc|||||o f|0| 0 eng|d |
| 040 | |aCaOODSP|beng |
| 043 | |an-cn--- |
| 086 | 1 |aNH18-1-2/76-1998E-PDF |
| 110 | 2 |aCanada Mortgage and Housing Corporation. |
| 245 | 10|aDeveloping a profile of market renters living in social housing / |h[electronic resource]|cby Lorraine Copas. |
| 260 | |aOttawa - Ontario : |bCanada Mortgage and Housing Corporation |cMay 1998. |
| 300 | |a145p.|btables |
| 490 | 1 |aResearch report |
| 504 | |aBibliography. |
| 546 | |a(Résumé en français.) |
| 590 | |a11-25-Supp|b2011-10-31 |
| 720 | 1 |aCopas, Lorraine |
| 830 | #0|aResearch report (Canada Mortgage and Housing Corporation : Online)|w(CaOODSP)9.506068 |
| 856 | 40|ahttp://publications.gc.ca|qPDF|s2.34 MB|uhttps://publications.gc.ca/collections/collection_2011/schl-cmhc/nh18-1-2/NH18-1-2-76-1998-eng.pdf |